000 00263nam a2200109Ia 4500
008 200302s9999 xx 000 0 und d
100 _aGina Moore
245 _aThe Window Style Bible
260 _bPage one Publishing Pvt. Ltd.
260 _c2007
300 _a192 P.,
999 _c2998
_d2998